Inventions And Discoveries (Record no. 154923)

MARC details
000 -LEADER
fixed length control field 00385nam a2200145Ia 4500
008 - FIXED-LENGTH DATA ELEMENTS--GENERAL INFORMATION
fixed length control field 230411s9999 xx 000 0 und d
020 ## - INTERNATIONAL STANDARD BOOK NUMBER
International Standard Book Number 81-250-2739-4
041 ## - LANGUAGE CODE
Language code of text/sound track or separate title eng
082 ## - DEWEY DECIMAL CLASSIFICATION NUMBER
Classification number X/820/KUL/B04219
100 ## - MAIN ENTRY--PERSONAL NAME
Personal name Kulkarni V G & Phondke Bal
9 (RLIN) 178167
245 ## - TITLE STATEMENT
Title Inventions And Discoveries
260 ## - PUBLICATION, DISTRIBUTION, ETC. (IMPRINT)
Name of publisher, distributor, etc. Orient Longman
Place of publication, distribution, etc. Mumbai
Date of publication, distribution, etc. 2004
300 ## - PHYSICAL DESCRIPTION
Extent 209p
Holdings
Withdrawn status Lost status Damaged status Not for loan Collection code Home library Current library Date acquired Vendor Cost, normal purchase price Bill number Total Checkouts Full call number Barcode Date last seen Cost, replacement price Bill Date Koha item type Original Barcode
          Smt. Bakul Tambat Institute of Nursing Education Smt. Bakul Tambat Institute of Nursing Education 23/10/2007 Akshardhara 150.00 207   X 820 KUL B04219 BTIN-BK-4219 11/04/2023 127.00 23/10/2007 Books B04219